00777 a2200205 450000500170000000800410001702000180005802000150007604000500009104100080014110000230014924500730017226000540024530000330029960000650033265000280039765000250042565000870045065000340053720150819151126.0150819s2015 xxu||||fro 00| 0 eng d a9780899644523 a089964452X aCO-BoUCMbspacSandra PalaciodSandra Palacio0 aeng1 aLippincott, John 10aLippincott’s bPrimer on educational advancementc Lippincott John c2015bCase 2015aWashington D.C. (Estados Unidos) a232 páginasbFotografías14aLippincott, John xDiscursosxPresentacionesxDeclaraciones 7aLiderazgo vEducación 7aÉtica xEconomía 7aEstrategias para el desarrollo xCouncil for advancement and support of education  7aDesarrollo económico xCASE